Österreichische Gemeinde oder nicht? - Statistiken

Allgemein
  • Dieses Quiz wurde 357 mal gespielt
  • Das Durchschnittsergebnis liegt bei 7 aus 15
Antwortstatistiken
Frage Antwort % Korrekt
Welche ist keine österreichische Gemeinde? Fluss
85%
Welche ist keine österreichische Gemeinde? Drau
77%
Welche ist keine österreichische Gemeinde? Brückstadt
70%
Welche ist keine österreichische Gemeinde? Blaubeuren
57%
Welche ist keine österreichische Gemeinde? Hamburg
57%
Welche ist keine österreichische Gemeinde? Mailand
53%
Welche ist keine österreichische Gemeinde? Mausburg
53%
Welche ist keine österreichische Gemeinde? Fangen
49%
Welche ist keine österreichische Gemeinde? Adlersdorf
47%
Welche ist keine österreichische Gemeinde? Seeing
38%
Welche ist keine österreichische Gemeinde? Körmend
34%
Welche ist keine österreichische Gemeinde? Berghaus
32%
Welche ist keine österreichische Gemeinde? Finsterwald
30%
Welche ist keine österreichische Gemeinde? Langenbaum
21%
Welche ist keine österreichische Gemeinde? Burg
17%
Keine übereinstimmenden Quizze gefunden
Verteilung der Resultate
Anzahl Personen mit jedem Resultat
Perzentil nach korrekt beantworteten Fragen
Ihre Resultats-Entwicklung
Sie haben dieses Quiz noch nicht gespielt